Witcher Joey Batey - Toss a Coin Lyrics Quiz - Statistiken

Allgemein
  • Dieses Quiz wurde 16 mal gespielt
  • Das Durchschnittsergebnis liegt bei 118 aus 194
Antwortstatistiken
Antwort % Korrekt
a
100%
A
100%
O
100%
of
100%
to
100%
Witcher
100%
you
100%
coin
93%
Plenty
93%
Toss
93%
your
93%
Valley
87%
be
73%
the
67%
When
67%
when
67%
And
60%
and
60%
army
60%
bard
60%
devil
60%
Geralt
60%
He
60%
His
60%
his
60%
humble
60%
me
60%
Rivia
60%
silver
60%
so
60%
So
60%
With
60%
along
53%
Along
53%
came
53%
down
53%
elves
53%
Fight
53%
fought
53%
friend
53%
him
53%
humanity
53%
mighty
53%
White
53%
Wolf
53%
after
47%
At
47%
can't
47%
cried
47%
Graced
47%
in
47%
kicked
47%
lute
47%
my
47%
ride
47%
song
47%
teeth
47%
they
47%
They
47%
this
47%
tongued
47%
ale
40%
Broke
40%
devil's
40%
elf
40%
give
40%
horn
40%
is
40%
masterful
40%
pour
40%
some
40%
While
40%
world
40%
back
33%
champion
33%
deceit
33%
edge
33%
epic
33%
every
33%
Far
33%
horns
33%
meat
33%
on
33%
our
33%
Our
33%
rest
33%
shelf
33%
tale
33%
tender
33%
That
33%
bleat
27%
chest
27%
Defeated
27%
hooves
27%
Minced
27%
Now
27%
out
27%
pest
27%
prevailed
27%
That's
27%
villain
27%
bashes
20%
brings
20%
From
20%
got
20%
High
20%
it
20%
mountain
20%
mourn
20%
thrust
20%
up
20%
whence
20%
wiped
20%
breaks
13%
travel
13%
died
0%
Keine übereinstimmenden Quizze gefunden
Verteilung der Resultate
Anzahl Personen mit jedem Resultat
Perzentil nach korrekt beantworteten Fragen
Ihre Resultats-Entwicklung
Sie haben dieses Quiz noch nicht gespielt